Sports Quiz

Random Sports or WWE Quiz

WWE Heavyweight Champs Quiz Stats

 Plays Quiz Updated Jun 7, 2017

Support Sporcle.
Go Orange.
Score 0/54 Timer 06:00
70 Plays Today
Year Champion % Correct
2013John Cena
95.9%
2002Triple H
95.3%
2002Triple H
95.3%
2003Triple H
95.3%
2004Triple H
95.3%
2005Triple H
95.3%
2008John Cena
94%
2009John Cena
94%
2007The Undertaker
91.7%
2008The Undertaker
91.7%
2004Randy Orton
89.5%
2007Edge
87.5%
2007Edge
87.5%
2008Edge
87.5%
2009Edge
87.5%
2009Edge
87.5%
2011Big Show
85%
2012Big Show
84.6%
2005Batista
84%
2006Batista
84%
2007Batista
84%
2008Batista
84%
2002Shawn Michaels
83.1%
2009The Undertaker
82.3%
2008CM Punk
80.6%
2009CM Punk
80.6%
2006Rey Mysterio
79%
Year Champion % Correct
2011Daniel Bryan
78.3%
2012Sheamus
77.8%
2013Alberto Del Rio
76.9%
2013Alberto Del Rio
76.7%
2008Chris Jericho
76.1%
2008Chris Jericho
76.1%
2009Jeff Hardy
75.4%
2010Kane
74.1%
2009CM Punk
74%
2010Edge
73.6%
2011Edge
72.7%
2011Randy Orton
72%
2009Jeff Hardy
71.9%
2011Randy Orton
70.9%
2004Chris Benoit
70.6%
2006Kurt Angle
70.6%
2010Rey Mysterio
70.2%
2010Chris Jericho
68.9%
2013Dolph Ziggler
68.9%
2003Goldberg
61.7%
2006King Booker
60.5%
2011Christian
58%
2011Christian
58%
2007The Great Khali
57.7%
2011Mark Henry
56.4%
2011Dolph Ziggler
54.9%
2010Jack Swagger
53.5%

You're not logged in!

Compare scores with friends on all Sporcle quizzes.
OR
Log In
Forgot?

From the Vault

Mass Effect 2 Companions

by struanavros1

Gaming 3m
We hope they survived long enough to be disappointed by the ending in Mass Effect 3.
Remove Ads.
Support Sporcle.
Get the best of Sporcle when you Go Orange. This ad-free experience offers more features, more stats, and more fun while also helping to support Sporcle. Thank you for becoming a member.

Show Comments

Extras

Top Quizzes Today


Score Distribution

Your Account Isn't Verified!

In order to create a playlist on Sporcle, you need to verify the email address you used during registration. Go to your Sporcle Settings to finish the process.

Report this User

Report this user for behavior that violates our Community Guidelines.

Details: